This is PR : (Record no. 14208)
[ view plain ]
| 000 -LEADER | |
|---|---|
| fixed length control field | 01055cam a2200301 a 4500 |
| 001 - CONTROL NUMBER | |
| control field | 13128239 |
| 003 - CONTROL NUMBER IDENTIFIER | |
| control field | PILC |
| 005 - DATE AND TIME OF LATEST TRANSACTION | |
| control field | 20150112093426.0 |
| 008 - FIXED-LENGTH DATA ELEMENTS--GENERAL INFORMATION | |
| fixed length control field | 030318s2004 caua b 001 0 eng |
| 010 ## - LIBRARY OF CONGRESS CONTROL NUMBER | |
| LC control number | 2003104097 |
| 020 ## - INTERNATIONAL STANDARD BOOK NUMBER | |
| International Standard Book Number | 9780534562632 |
| 040 ## - CATALOGING SOURCE | |
| Original cataloging agency | DLC |
| Transcribing agency | DLC |
| Modifying agency | DLC |
| 050 00 - LIBRARY OF CONGRESS CALL NUMBER | |
| Classification number | HM 1221 |
| Item number | .N558 2004 |
| 082 00 - DEWEY DECIMAL CLASSIFICATION NUMBER | |
| Classification number | ApSF 659.2 |
| Item number | N47 2004 |
| 100 1# - MAIN ENTRY--PERSONAL NAME | |
| Personal name | Newsom, Doug. |
| 9 (RLIN) | 888 |
| 245 10 - TITLE STATEMENT | |
| Title | This is PR : |
| Remainder of title | the realities of public relations / |
| Statement of responsibility, etc | Doug Newsom, Judy VanSlyke Turk, Dean Kruckeberg. |
| 250 ## - EDITION STATEMENT | |
| Edition statement | 8th ed. |
| 260 ## - PUBLICATION, DISTRIBUTION, ETC. (IMPRINT) | |
| Place of publication, distribution, etc | Belmont, CA : |
| Name of publisher, distributor, etc | Wadsworth/Thomson Learning, |
| Date of publication, distribution, etc | 2004. |
| 300 ## - PHYSICAL DESCRIPTION | |
| Extent | 418 pages : |
| Other physical details | illustration ; |
| Dimensions | 25 cm. |
| 500 ## - GENERAL NOTE | |
| General note | Includes bibliographical references (p. 363-382) and index. |
| 650 #0 - SUBJECT ADDED ENTRY--TOPICAL TERM | |
| Topical term or geographic name as entry element | Public relations. |
| 9 (RLIN) | 889 |
| 700 1# - ADDED ENTRY--PERSONAL NAME | |
| Personal name | Turk, Judy VanSlyke. |
| 9 (RLIN) | 890 |
| 700 1# - ADDED ENTRY--PERSONAL NAME | |
| Personal name | Kruckeberg, Dean. |
| 9 (RLIN) | 891 |
| 906 ## - LOCAL DATA ELEMENT F, LDF (RLIN) | |
| a | 7 |
| b | cbc |
| c | origcop |
| d | 2 |
| e | ncip |
| f | 20 |
| g | y-gencatlg |
| 942 ## - ADDED ENTRY ELEMENTS (KOHA) | |
| Source of classification or shelving scheme | Library of Congress Classification |
| Koha item type | Books |
| Withdrawn status | Lost status | Source of classification or shelving scheme | Damaged status | Home library | Current library | Shelving location | Date acquired | Total Checkouts | Full call number | Barcode | Date last seen | Copy number | Price effective from | Koha item type |
|---|---|---|---|---|---|---|---|---|---|---|---|---|---|---|
| Library of Congress Classification | Southville International School Affiliated with Foreign Universities Library | Southville International School Affiliated with Foreign Universities Library | Southville Foreign University Section | 07/16/2013 | HM 1221 .N558 2004 | SFU0903 | 05/15/2018 | 1 | 07/16/2013 | Books | ||||
| Library of Congress Classification | Southville International School Affiliated with Foreign Universities Library | Southville International School Affiliated with Foreign Universities Library | Southville Foreign University Section | 07/16/2013 | HM 1221 .N558 2004 | SFU0902 | 05/15/2018 | 2 | 07/16/2013 | Books |